000 00965cab a22002295a 4500
001 L137495
008 070411e20070331xxk f 000 0 eng d
035 _a(Sirsi) u137495
041 0 _aeng
100 1 _aLe Pard, Geoff
245 0 0 _aIt's up for promotion
260 _c2007
490 0 _aEstates Gazette
_v(0713) 31 March 2007, 246-248(3)
520 _aDiscusses the aims and contents of the Code for Leasing Business Premises in England and Wales 2007 and the ways in which it will be disseminated. Key points in the code cover pricing options and rent reviews, restrictions on assignment, subletting, exercise of break clauses, rent suspension, insurance, repairs and dilapidations.
590 _aKA
590 _aKA
650 2 4 _aCODE FOR LEASING BUSINESS PREMISES IN ENGLAND AND WALES
651 4 _aEngland and Wales
_y1543-
690 _aPROPERTY-COMMERCIAL PROPERTY-COMMERCIAL TENANT-COMMERCIAL LEASES
700 1 _aMaunder, Clare
942 _n0
999 _c78637
_d78637